Search the Library Catalogue
| 000 -LEADER | |
|---|---|
| fixed length control field | 01066nam a2200181 a 4500 |
| 008 - FIXED-LENGTH DATA ELEMENTS--GENERAL INFORMATION | |
| fixed length control field | 260220s2026##################000#0#eng## |
| 020 ## - INTERNATIONAL STANDARD BOOK NUMBER | |
| ISBN | 9780521806329 |
| Paper back/Hardbound | hbk |
| 041 ## - LANGUAGE CODE | |
| Language code of text/sound track or separate title | eng |
| 082 04 - DEWEY DECIMAL CLASSIFICATION NUMBER | |
| Classification number | 320.94 |
| Item number | KNI |
| 100 ## - MAIN ENTRY--AUTHOR NAME | |
| Personal name | Knill Christoph |
| 245 10 - TITLE STATEMENT | |
| Title | The Europeanisation of National Administrations: Patterns of Institutional Change and Persistence |
| Statement of responsibility, etc | /Christoph Knill |
| 260 ## - PUBLICATION, DISTRIBUTION, ETC. (IMPRINT) | |
| Name of publisher | Cambridge Univ Pr |
| Year of publication | 2001. |
| 300 ## - PHYSICAL DESCRIPTION | |
| Number of Pages | 258p,; |
| Dimensions | 20 cm. |
| 504 ## - BIBLIOGRAPHY, ETC. NOTE | |
| Bibliography, etc | Includes index |
| 520 ## - SUMMARY, ETC. | |
| Summary, etc | The Europeanisation of National Administrations analyzes the impact of European policies on national bureaucracies. Knill's study is a comparative assessment of the factors influencing administrative adjustment to European policy demands in the member states, and contains a detailed account of the administrative impact of European Union environmental policy in Britain and Germany. This book will interest students and scholars of European studies, comparative politics, environmental politics, public administration and organizational studies. |
| 942 ## - ADDED ENTRY ELEMENTS (KOHA) | |
| Koha item type | Reference |
| Withdrawn status | Lost status | Damaged status | Not for loan | Home library | Current library | Shelving location | Date acquired | Full call number | Accession Number | Price effective from | Koha item type |
|---|---|---|---|---|---|---|---|---|---|---|---|
| Anna Centenary Library | Anna Centenary Library | 3RD FLOOR, B WING | 20.02.2026 | 320.94 KNI | 197648 | 20.02.2026 | Reference |